Online
Catalog

Testimonios de la fe : (Record no. 18857)

MARC details
000 -CABECERA
campo de control de longitud fija 00842nam a2200217 a 4500
001 - NÚMERO DE CONTROL
campo de control 000019340
005 - FECHA Y HORA DE LA ÚLTIMA TRANSACCIÓN
campo de control 20200929170004.0
008 - DATOS DE LONGITUD FIJA--INFORMACIÓN GENERAL
campo de control de longitud fija 100624s1960 sp 000 0 spa d
040 ## - FUENTE DE LA CATALOGACIÓN
Centro catalogador/agencia de origen DO-SdBNP
Lengua de catalogación spa
Centro/agencia transcriptor BNPHU
041 17 - CÓDIGO DE LENGUA
Código de lengua del texto/banda sonora o título independiente spa
Código de lengua original fre
Fuente del código Código de idioma MARC
082 ## - NÚMERO DE LA CLASIFICACIÓN DECIMAL DEWEY
Número de clasificación nnnn
Número de documento/Ítem T344f, 1960
049 ## - FONDOS LOCALES (OCLC)
Fondos de biblioteca BNGR
240 10 - TÍTULO UNIFORME
Título uniforme J´ai recontré le dieu vivant.
Lenguaje de la obra Español.
245 00 - MENCIÓN DE TÍTULO
Título Testimonios de la fe :
Resto del título relatos de conversiones, /
Mención de responsabilidad, etc. traducción por Enrique Jarnés Bergua ; con dos estudios sobre la conversión por M. Nedoncelle y R. Girault.
250 ## - MENCIÓN DE EDICIÓN
Mención de edición 2a ed.
260 ## - PUBLICACIÓN, DISTRIBUCIÓN, ETC.
Lugar de publicación, distribución, etc. Madrid :
Nombre del editor, distribuidor, etc. Rialp,
Fecha de publicación, distribución, etc. 1960.
534 ## - NOTA SOBRE LA VERSIÓN ORIGINAL
Frase introductoria Título original en francés:
Mención de título del original J´ai recontré le dieu vivant,
Publicación, distribución, etc. del original París : Revue des Jeunes, 1952.
700 1# - PUNTO DE ACCESO ADICIONAL--NOMBRE DE PERSONA
Nombre de persona Jarnés Bergua, Enrique,
Término indicativo de función/relación tr.
9 (RLIN) 41570
700 1# - PUNTO DE ACCESO ADICIONAL--NOMBRE DE PERSONA
Nombre de persona Nedoncelle, M.,
9 (RLIN) 41571
700 1# - PUNTO DE ACCESO ADICIONAL--NOMBRE DE PERSONA
Nombre de persona Girault, R.,
9 (RLIN) 41572
Holdings
Estado de retiro Estado de pérdida Restricciones de uso No para préstamo Código de colección Localización permanente Ubicación/localización actual Ubicación en estantería Fecha de adquisición Número de inventario Total de préstamos Signatura topográfica completa Código de barras Fecha visto por última vez Precio válido a partir de Tipo de ítem Koha
        Monografías: Libros y Folletos General General En catalogación 24.06.2010 LF1   nnnn T344f, 1960 19340-10 25.06.2020 25.06.2020 Préstamo en sala

Powered by Koha